| 000 | 00655nam a2200145 a 4500 | ||
|---|---|---|---|
| 008 | 080829s2008 ||||||||||||||||| || u | ||
| 050 | _aBOZ(05) | ||
| 100 | _aBank of Zambia | ||
| 245 | 1 | 0 | _aBank of Zambia: statistics fortnightly |
| 260 |
_aLusaka _bBank of Zambia _c2008 |
||
| 350 | _a0.00 | ||
| 500 | _aBOZ(05)SF/08/13 (2 copies) | ||
| 995 |
_aSPECIAL COLLECTIONS _D0.00 _e03002620 _FCBU-MAIN LIBRARY (Kitwe) _H1 _I0.00 _jBOZ(05)SF/08/13B _M2 _UAVAILABLE _WSep 4, 2008 _yZ03002620 _ZZambiana Collection |
||
| 995 |
_aSPECIAL COLLECTIONS _D0.00 _e03002619 _FCBU-MAIN LIBRARY (Kitwe) _H1 _I0.00 _jBOZ(05)SF/08/13A _M1 _UAVAILABLE _WSep 4, 2008 _yZ03002619 _ZZambiana Collection |
||
| 999 |
_c84524 _d84524 |
||